[Event "Hessenliga 1314"]
[Site "Germany"]
[Date "2014.03.09"]
[Round "7.4"]
[White "Bankmann, Daniel"]
[Black "Will, Patrick"]
[Result "1/2-1/2"]
[WhiteElo "1916"]
[BlackElo "2104"]
[PlyCount "102"]
[EventDate "2013.09.29"]
[EventType "team-tourn"]
[EventRounds "9"]
[EventCountry "GER"]
[SourceTitle "EXT 2015"]
[Source "ChessBase"]
[SourceDate "2014.11.20"]
[SourceVersion "1"]
[SourceVersionDate "2014.11.20"]
[SourceQuality "1"]
[WhiteTeam "Gelnhausen"]
[BlackTeam "Bad Nauheim"]
[WhiteTeamCountry "GER"]
[BlackTeamCountry "GER"]

1. e4 c5 2. Nf3 d6 3. d4 cxd4 4. Nxd4 Nf6 5. Nc3 a6 6. Qe2 e5 7. Nf5 Nc6 8. Bg5 Bxf5 9. exf5 Nd4 10. Qd3 Be7 11. 0-0-0 Rc8 12. Be3 Nc6 13. a3 0-0 14. Nd5 Nxd5 15. Qxd5 Qc7 16. Bd3 Rfd8 17. g4 Na5 18. g5 Nc4 19. f6 Bf8 20. fxg7 Bxg7 21. Qe4 d5 22. Qxh7+ Kf8 23. Bxc4 Qxc4 24. Kb1 e4 25. c3 Bxc3 26. g6 Bg7 27. Bd4 f6 28. Bxf6 Qc2+ 29. Ka1 Qc7 30. Bxg7+ Qxg7 31. Qxg7+ Kxg7 32. Rhg1 Rc2 33. Rg5 Rxf2 34. Rgxd5 Rxd5 35. Rxd5 e3 36. Re5 e2 37. Ka2 Kxg6 38. h4 Kf6 39. Re8 Kf5 40. Kb3 Kf4 41. Kc3 Rh2 42. Kd3 e1Q 43. Rxe1 Rxb2 44. Rh1 Ra2 45. h5 Rxa3+ 46. Kd4 Rg3 47. h6 Rg8 48. h7 Rh8 49. Kc5 Ke5 50. Kb6 Kd6 51. Rh6+ Kd5 1/2-1/2

[Event "Eschborn op 10th"]
[Site "Eschborn"]
[Date "2013.08.30"]
[Round "1"]
[White "Hoerner, Rolf"]
[Black "Will, Patrick"]
[Result "0-1"]
[WhiteElo "1654"]
[BlackElo "2080"]
[PlyCount "74"]
[EventDate "2013.08.30"]
[EventType "swiss"]
[EventRounds "5"]
[EventCountry "GER"]
[SourceTitle "EXT 2014"]
[Source "ChessBase"]
[SourceDate "2013.11.20"]
[SourceVersion "1"]
[SourceVersionDate "2013.11.20"]
[SourceQuality "1"]

1. d4 Nf6 2. Nc3 c5 3. d5 g6 4. e4 d6 5. Nf3 Nbd7 6. Bd3 Bg7 7. 0-0 0-0 8. Bg5 a6 9. Ne2 b5 10. c3 Re8 11. Qd2 Qc7 12. Ng3 Bb7 13. Rfe1 e6 14. c4 bxc4 15. Bxc4 Nb6 16. Bb3 c4 17. Rac1 exd5 18. Bxf6 Bxf6 19. exd5 Rxe1+ 20. Nxe1 Bxd5 21. Bd1 Re8 22. Nf3 Qc5 23. b4 Qc6 24. Nf1 c3 25. Qf4 Kg7 26. Ne3 Re4 27. Qg3 Be6 28. Be2 Rxb4 29. a3 Rb2 30. Ng4 Qd5 31. Ne3 Qb5 32. h4 d5 33. Qf4 Qc5 34. g4 Kg8 35. Qxf6 Nd7 36. Qf4 Qxa3 37. h5 Rb4 0-1